Oxford surveys on eukaryotic genes / (Record no. 158514)

MARC details
000 -LEADER
fixed length control field 00832nam a2200253Ki 4500
008 - FIXED-LENGTH DATA ELEMENTS--GENERAL INFORMATION
fixed length control field
020 ## - INTERNATIONAL STANDARD BOOK NUMBER
International Standard Book Number 0198542313 (hbk. :v. 4 )
Terms of availability 0198542372 (hbk. :v. 5)
-- 0198542550 (hbk. :v. 6)
-- 0198542569 (hbk. :v. 7)
049 ## - LOCAL HOLDINGS (OCLC)
Holding library MAIN
090 ## - LOCALLY ASSIGNED LC-TYPE CALL NUMBER (OCLC); LOCAL CALL NUMBER (RLIN)
Classification number (OCLC) (R) ; Classification number, CALL (RLIN) (NR) QH430
Local cutter number (OCLC) ; Book number/undivided call number, CALL (RLIN) OXF
003 - CONTROL NUMBER IDENTIFIER
control field
005 - DATE AND TIME OF LATEST TRANSACTION
control field 20230123134019.0
040 ## - CATALOGING SOURCE
Transcribing agency NUST
245 00 - TITLE STATEMENT
Title Oxford surveys on eukaryotic genes /
Statement of responsibility, etc. edited by Norman Maclean.
260 ## - PUBLICATION, DISTRIBUTION, ETC.
Place of publication, distribution, etc. Oxford :
Name of publisher, distributor, etc. Oxford University,
Date of publication, distribution, etc. 1987-91.
300 ## - PHYSICAL DESCRIPTION
Extent 197 p., 281 p., 184 p., 166 p. ;
Dimensions 24 cm.
500 ## - GENERAL NOTE
General note Includes index.
500 ## - GENERAL NOTE
General note Includes bibliographical references.
650 ## - SUBJECT ADDED ENTRY--TOPICAL TERM
Topical term or geographic name entry element Cytogenetics.
650 ## - SUBJECT ADDED ENTRY--TOPICAL TERM
Topical term or geographic name entry element Genetics
General subdivision Research.
650 ## - SUBJECT ADDED ENTRY--TOPICAL TERM
Topical term or geographic name entry element Eukaryotic cells.
700 ## - ADDED ENTRY--PERSONAL NAME
Personal name Maclean, Norman.
907 ## - LOCAL DATA ELEMENT G, LDG (RLIN)
a .b10003794
b 22-06-16
c 17-04-03
942 ## - ADDED ENTRY ELEMENTS (KOHA)
Koha item type Ordinary Loan Books
Call number prefix QH430
Call number suffix OXF
Holdings
Date last seen Total Checkouts Full call number Barcode Cost, replacement price Price effective from Koha item type Lost status Source of classification or shelving scheme Damaged status Not for loan Collection Withdrawn status Home library Current library Shelving location Date acquired Cost, normal purchase price
01/23/2023   QH430 OXF 92003036707 80.00 01/23/2023 BOOKS   LCC     NFIC   MAIN MAIN GEN 01/23/2023 80.00